00516 2200193 4500001002100000005001500021035002000036007000300056008004100059020002200100082000800122084001400130100001800144245005800162250001100220260004800231300003300279650001000312INLIS00000000000126220211004083751 a0010-1021000034ta211004 d f ind  a978-602-037-979-1 a823 a823 J. h0 aJ. K. Rowling1 aHarry Potter And The Deathly Hallows /cJ. K. Rowling aCet. 3 aJakarta :bPT Gramedia Pustaka Utama,c2018 a1000 hlm. ;c13,5 cm x 20 cm anovel